100 Biggest Cities of Croatia on a Map - Statistics

General Stats
  • This quiz has been taken 815 times
  • The average score is 40 of 100
Answers on the Map
Answers color-coded by a green-red scale on the quiz's map according to % correct below.
 
Answer Stats
Population City % Correct
767,131 Zagreb
99%
149,830 Split
97%
26,922 Dubrovnik
96%
67,309 Zadar
92%
52,220 Pula [Pola]
91%
107,964 Rijeka
91%
75,535 Osijek
86%
31,115 Šibenik
71%
41,869 Karlovac
70%
45,005 Slavonski Brod
70%
3,935 Krk
69%
22,255 Vukovar
69%
36,187 Varaždin
67%
11,629 Rovinj [Rovigno]
61%
27,859 Sisak
59%
8,841 Poreč [Parenzo]
58%
12,809 Makarska
56%
10,107 Trogir
56%
5,701 Opatija
55%
28,111 Vinkovci
55%
24,392 Bjelovar
54%
8,262 Knin
54%
6,751 Umag [Umago]
54%
6,362 Gospić
51%
22,262 Koprivnica
51%
16,867 Požega
51%
30,036 Velika Gorica
51%
15,078 Čakovec
50%
4,164 Senj
50%
13,486 Virovitica (Požari)
50%
10,771 Sinj
48%
7,374 Ogulin
46%
5,601 Biograd na Moru
45%
16,911 Samobor
45%
5,561 Mali Lošinj
44%
3,981 Pazin
44%
12,963 Petrinja
44%
16,875 Đakovo
43%
3,842 Ilok
43%
4,008 Imotski
43%
4,201 Krapina
43%
18,768 Zaprešić
43%
13,971 Metković
42%
5,985 Omiš
42%
20,996 Solin
42%
6,239 Crikvenica
40%
12,012 Kutina
40%
4,711 Ploče
39%
9,153 Županja
38%
6,327 Beli Manastir
37%
3,861 Delnice
37%
7,307 Našice
37%
9,820 Nova Gradiška
37%
10,522 Križevci
36%
5,806 Labin
36%
6,592 Vodice
36%
7,440 Daruvar
35%
3,852 Otočac
34%
11,097 Dugo Selo
33%
4,028 Glina
33%
5,312 Jastrebarsko
31%
10,202 Kastav (Brnčići/Ćikovići/Rubeši/Spinčići/Trinajstići)
30%
3,772 Vela Luka
30%
8,452 Ivanić-Grad (Donji Šarampov/Jalševec Breški/Prkos Ivanićki)
29%
6,950 Kaštel Stari
29%
5,922 Novska
29%
4,151 Pakrac
29%
8,722 Slatina
29%
5,380 Duga Resa
28%
6,507 Kaštel Novi
28%
6,544 Kaštel Sućurac
28%
5,330 Donji Miholjac
26%
5,834 Đurđevac
25%
6,332 Valpovo
25%
4,551 Vrbovec
25%
5,354 Belišće
22%
3,962 Bibinje
20%
4,699 Kaštel Gomilica
20%
5,051 Kaštel Kambelovac
20%
10,403 Podstrana
20%
3,633 Popovača
20%
8,001 Čepin (Ovčara)
19%
4,997 Ivanec
19%
5,221 Kaštel Lukšić
19%
4,398 Kostrena (Glavani/Paveki/Sveta Lucija/Šodići/Vrh Martinšćice)
19%
4,042 Prelog
19%
4,845 Pitomača
18%
4,151 Darda
17%
3,602 Viškovo
17%
3,840 Nedelišće
16%
6,260 Tenja
16%
3,602 Josipovac
14%
5,870 Višnjevac
14%
5,076 Ivankovo
13%
3,597 Glavice
11%
3,862 Marinići
10%
5,682 Nova Mokošica
8%
3,807 Sračinec
8%
4,250 Strmec
5%
3,750 Trnovec
5%
No matching quizzes found
Score Distribution
Percent of People with Each Score
Percentile by Number Answered
Your Score History
You have not taken this quiz